Expert 'Friends' A-Z Quiz Stats

 Plays Quiz not verified by Sporcle

Also try: TV Show by Pets
Challenge
Share
Tweet
Embed
Score 0/26 Timer 10:00
0 Plays Today
Hint Answer % Correct
A - Ross and Rachel both buy this from Pottery BarnApothecary Table
83.4%
K - Ross is allergic to this fruitKiwi
81.7%
T - On Thanksgiving, Monica accidentally cuts Chandler on this body partToe
81.1%
R - Ross plays this sport to impress EmilyRugby
80.8%
P - Joey pretends to have this type of car to impress womenPorsche
79%
F - Ross almost drinks a glass of this to try and apologize to RachelFat
78.4%
C - Country where Phoebe's ex-husband is fromCanada
75.4%
O - Barry Farber's occupationOrthodontist
75.4%
D - Name of Joey's pregnant sisterDina
74.3%
L - Rachel keeps this from Mr. Heckles' apartmentLamp
70.7%
V - The book that Chandler buys for KathyVelveteen Rabbit
62.7%
S - Leonard Green's drink of choiceScotch
60.9%
N - Chandler claims this is the source of his powerNipple
59.8%
Hint Answer % Correct
Q - One of Joey's housewarming presents to Monica and Chandler makes this noiseQuack
59.2%
H - Chandler tries this to attempt to quit smokingHypnosis
55.3%
W - Rachel's hairless cat's nameWhiskerson
55%
G - Phoebe pretends to cheer for this team while watching footballGreen Bay
54.7%
M - The friends are playing this game when they first meet PaoloMonopoly
54.4%
J - Monica works here instead of moving to TulsaJavu
52.7%
I - Ross boots this woman off of his freebie list for Winona Ryder Isabella Rossellini
49.7%
Z - Main character in Rachel's erotic novelZelda
42.6%
Y - This hangs around the peephole in Monica's apartmentYellow Picture Frame
41.7%
B - Name of Eddie's old goldfishBuddy
41.4%
E - Ross Geller's middle nameEustace
31.1%
U - Name of Ross' laundry detergentUberweiss
28.7%
X - Monica's tanning salon used to be this kind of storeX-Rated Video
25.7%

You're not logged in!

Compare scores with friends on all Sporcle quizzes.
OR
Log In

You Might Also Like...

Show Comments

Extras

Top Quizzes Today


Score Distribution

Your Account Isn't Verified!

In order to create a playlist on Sporcle, you need to verify the email address you used during registration. Go to your Sporcle Settings to finish the process.

Report this User

Report this user for behavior that violates our Community Guidelines.

Details: